000 00493nam a22001817a 4500
003 CEME
005 20210628203303.0
008 210204b xxu||||| |||| 00| 0 eng d
020 _a9780070702509
040 _c.
082 _a621.3827 LIU
100 _aLiu, Max Ming-Kang
_956921
245 _aPrinciples and applicaitons of optical communications
260 _aNEW DELHI
_bTATA MCGRAW HILL
_c2010
300 _aXIX, 1004P
650 _aOPTICAL COMMUNICATIONS.
_955546
942 _cBK
_2ddc
999 _c572967
_d572967